00617nam a2200157Ia 4500008004100000041001200041082001100053100001500064245006200079260000600141650000600147942000700153999001700160952014100177952014100318221030s9999 xx 000 0 und d aEnglish a105.23 aP. S. Gill 0aEngineering Drawing (Geometrical Drawing)cby P. S. Gill c0 aB cBK c13242d13242 pB 5241l0o105.23 r2022-10-30 00:00:00w2022-10-30yBK003Print4070aMIETLIBbMIETLIBcBL-, FL-, CUP-0, SH-0, R-0d2012-06-3010HBE pB 5242l0o105.23 r2022-10-30 00:00:00w2022-10-30yBK003Print4070aMIETLIBbMIETLIBcBL-, FL-, CUP-0, SH-0, R-0d2012-06-3010HBE